[Event "Titled Tuesday intern op 05th Oct"]
[Site "Chess.com INT"]
[Date "2021.10.05"]
[Round "7"]
[White "Fernandez Hernandez, Arturo Augusto"]
[Black "Seletsky, Grigory"]
[Result "1-0"]
[WhiteElo "2369"]
[BlackElo "2277"]
[PlyCount "35"]
[EventDate "2021.10.05"]
[EventType "swiss (blitz)"]
[EventRounds "11"]
[EventCountry "USA"]
[SourceTitle "CBM 204 Extra"]
[Source "ChessBase"]
[SourceDate "2021.11.30"]
[SourceVersion "1"]
[SourceVersionDate "2021.11.30"]
[SourceQuality "1"]

1. Nf3 c6 2. c4 d5 3. b3 Nf6 4. g3 Bf5 5. Bg2 e6 6. Bb2 h6 7. d3 Be7 8. 0-0 0-0 9. Qc2 a5 10. a3 Nbd7 11. e4 dxe4 12. dxe4 Bxe4 13. Qe2 Nc5 14. Rd1 Qb6 15. Nbd2 Bc2 16. Rdc1 Bh7 17. Qe3 Nd3 18. Qxb6 1-0

[Event "Titled Tuesday intern op 05th Oct"]
[Site "Chess.com INT"]
[Date "2021.10.05"]
[Round "4"]
[White "Fernandez Hernandez, Arturo Augusto"]
[Black "Starozhilov, Leonid"]
[Result "0-1"]
[WhiteElo "2369"]
[BlackElo "2293"]
[PlyCount "86"]
[EventDate "2021.10.05"]
[EventType "swiss (blitz)"]
[EventRounds "11"]
[EventCountry "USA"]
[SourceTitle "CBM 204 Extra"]
[Source "ChessBase"]
[SourceDate "2021.11.30"]
[SourceVersion "1"]
[SourceVersionDate "2021.11.30"]
[SourceQuality "1"]

1. Nf3 Nf6 2. c4 g6 3. b4 d5 4. e3 Bg7 5. Bb2 0-0 6. c5 Bg4 7. Be2 Nbd7 8. Ne5 Bxe2 9. Qxe2 c6 10. f4 a5 11. a3 axb4 12. axb4 Rxa1 13. Bxa1 Nxe5 14. Bxe5 b6 15. 0-0 bxc5 16. bxc5 Ne4 17. Bxg7 Kxg7 18. d4 Qa5 19. f5 Rb8 20. fxg6 hxg6 21. Qc2 Qb4 22. g3 Qb2 23. Qg2 Qxg2+ 24. Kxg2 Rb2+ 25. Kf3 Rxb1 26. Rxb1 Nd2+ 27. Ke2 Nxb1 28. Kd3 Kf6 29. Kc2 Na3+ 30. Kb3 Nb5 31. Kb4 Ke6 32. Ka5 Kd7 33. Kb6 f5 34. h3 Nc3 35. g4 fxg4 36. hxg4 Nd1 37. e4 Nc3 38. exd5 Nxd5+ 39. Kb7 e6 40. g5 Nb4 41. Kb6 Nc2 42. Ka5 Nxd4 43. Kb4 Nf3 0-1

[Event "Titled Tuesday intern op 31st Aug"]
[Site "Chess.com INT"]
[Date "2021.08.31"]
[Round "3"]
[White "Fernandez Hernandez, Arturo Augusto"]
[Black "Timmermans, Mark"]
[Result "0-1"]
[WhiteElo "2369"]
[BlackElo "2385"]
[PlyCount "124"]
[EventDate "2021.08.31"]
[EventType "swiss (blitz)"]
[EventRounds "11"]
[EventCountry "USA"]
[SourceTitle "EXT 2022"]
[Source "ChessBase"]
[SourceDate "2021.10.06"]
[SourceVersion "1"]
[SourceVersionDate "2021.10.06"]
[SourceQuality "1"]

1. e4 e5 2. Nf3 Nc6 3. d4 exd4 4. Nxd4 Nf6 5. Nxc6 bxc6 6. e5 Qe7 7. Qe2 Nd5 8. h4 f6 9. c4 Ba6 10. exf6 Qxe2+ 11. Bxe2 Bb4+ 12. Nd2 Nxf6 13. a3 Bxd2+ 14. Bxd2 0-0 15. 0-0 Rab8 16. b4 Rfe8 17. Rfe1 d5 18. Rac1 Re4 19. f3 Re7 20. Bf1 Rxe1 21. Bxe1 dxc4 22. Bf2 Ra8 23. Bxc4+ Bxc4 24. Rxc4 a5 25. Rxc6 axb4 26. axb4 Nd5 27. b5 Ra1+ 28. Kh2 Rb1 29. Rc5 Nf4 30. Rf5 Ne6 31. h5 h6 32. g4 Rb2 33. Kg3 Rb3 34. Kg2 Rb2 35. f4 Nd4 36. Rc5 Nxb5 37. g5 hxg5 38. fxg5 Nd6 39. Kf3 Rxf2+ 40. Ke3 Rf5 41. Rxc7 Rxg5 42. h6 gxh6 43. Kf4 Nf7 44. Rc6 Kg7 45. Ra6 Rg6 46. Ra5 Rg5 47. Ra6 Rg1 48. Rb6 h5 49. Rb5 Rg4+ 50. Kf3 Kh6 51. Rf5 Ng5+ 52. Kf2 h4 53. Rf8 h3 54. Rh8+ Nh7 55. Ra8 Kg5 56. Ra1 Nf6 57. Rh1 Rg2+ 58. Kf3 Kh4 59. Ra1 Rg3+ 60. Kf2 Ng4+ 61. Ke2 h2 62. Rh1 Rg1 0-1

[Event "Titled Tuesday intern op 31st Aug"]
[Site "Chess.com INT"]
[Date "2021.08.31"]
[Round "1"]
[White "Fernandez Hernandez, Arturo Augusto"]
[Black "Zainullina, Nataliya"]
[Result "1-0"]
[WhiteElo "2369"]
[BlackElo "2099"]
[PlyCount "109"]
[EventDate "2021.08.31"]
[EventType "swiss (blitz)"]
[EventRounds "11"]
[EventCountry "USA"]
[SourceTitle "EXT 2022"]
[Source "ChessBase"]
[SourceDate "2021.10.06"]
[SourceVersion "1"]
[SourceVersionDate "2021.10.06"]
[SourceQuality "1"]

1. e4 c5 2. Nc3 g6 3. d4 Bg7 4. dxc5 Qa5 5. Bd2 Qxc5 6. Nf3 Nf6 7. Bd3 0-0 8. 0-0 d6 9. h3 a6 10. Be3 Qc7 11. Qd2 Re8 12. Bh6 Bh8 13. Rad1 b5 14. a3 Bb7 15. Qf4 Nbd7 16. Ng5 Ne5 17. Rfe1 Rac8 18. Qh4 Qb6 19. Kh1 Nxd3 20. cxd3 b4 21. axb4 Qxb4 22. Re2 Qb3 23. Rde1 a5 24. f4 e5 25. Rf2 Nh5 26. f5 Rxc3 27. bxc3 Qxc3 28. Rd1 d5 29. fxg6 fxg6 30. Nxh7 Kxh7 31. Rf7+ Kg8 32. Rxb7 Qc2 33. Qg4 Qc6 34. Rdb1 a4 35. R1b6 Qc1+ 36. Kh2 Qxh6 37. Rxg6+ Qxg6 38. Qxg6+ Ng7 39. Qf7+ Kh7 40. Qxe8 Kh6 41. Qc6+ Kg5 42. Qc8 a3 43. Qxh8 Kf4 44. Qxg7 Ke3 45. Qxe5 a2 46. exd5+ Kxd3 47. Qb2 Ke4 48. Qxa2 Ke5 49. Re7+ Kd6 50. Re6+ Kc5 51. Qa4 Kxd5 52. Qe4+ Kc5 53. Rc6+ Kb5 54. Qc4+ Ka5 55. Ra6# 1-0

[Event "Titled Tuesday intern op 31st Aug"]
[Site "Chess.com INT"]
[Date "2021.08.31"]
[Round "5"]
[White "Tarigan, Gilbert Elroy"]
[Black "Fernandez Hernandez, Arturo Augusto"]
[Result "1-0"]
[WhiteElo "2149"]
[BlackElo "2369"]
[PlyCount "95"]
[EventDate "2021.08.31"]
[EventType "swiss (blitz)"]
[EventRounds "11"]
[EventCountry "USA"]
[SourceTitle "EXT 2022"]
[Source "ChessBase"]
[SourceDate "2021.10.06"]
[SourceVersion "1"]
[SourceVersionDate "2021.10.06"]
[SourceQuality "1"]

1. c4 f5 2. Qc2 d6 3. e3 Nf6 4. a3 e6 5. b3 Be7 6. Bb2 0-0 7. Nf3 Nc6 8. Be2 Qe8 9. h3 e5 10. Nc3 a6 11. d4 e4 12. Nd2 Qg6 13. g3 Bd7 14. b4 Rfe8 15. c5 d5 16. Qb3 Qf7 17. 0-0-0 Be6 18. Rdg1 Reb8 19. g4 f4 20. g5 Nd7 21. h4 f3 22. Bf1 Nf8 23. h5 b6 24. cxb6 cxb6 25. Ndxe4 dxe4 26. d5 Bf5 27. g6 hxg6 28. hxg6 Nxg6 29. Rh5 Nce5 30. Rxf5 Qxf5 31. d6+ Qf7 32. Qxf7+ Kxf7 33. dxe7 Nd3+ 34. Bxd3 exd3 35. Rg3 Nxe7 36. Ne4 Nf5 37. Rxf3 g6 38. Kd2 Rd8 39. Bd4 a5 40. Bxb6 Rdb8 41. bxa5 Ke6 42. Nc5+ Kd5 43. e4+ Kc4 44. exf5 Rxb6 45. axb6 Kxc5 46. fxg6 Kxb6 47. g7 Rg8 48. Rf7 1-0

[Event "Titled Tuesday intern op 17th Aug"]
[Site "Chess.com INT"]
[Date "2021.08.17"]
[Round "3"]
[White "Bacrot, Etienne"]
[Black "Fernandez Hernandez, Arturo Augusto"]
[Result "1-0"]
[WhiteElo "2672"]
[BlackElo "2369"]
[PlyCount "85"]
[EventDate "2021.08.17"]
[EventType "swiss (blitz)"]
[EventRounds "11"]
[EventCountry "USA"]
[SourceTitle "EXT 2022"]
[Source "ChessBase"]
[SourceDate "2021.10.06"]
[SourceVersion "1"]
[SourceVersionDate "2021.10.06"]
[SourceQuality "1"]

1. e4 e5 2. Nf3 Nc6 3. Bb5 a6 4. Ba4 g6 5. h4 h6 6. c3 Bg7 7. d4 exd4 8. cxd4 b5 9. Bb3 d6 10. Be3 Nge7 11. Nbd2 Bg4 12. Qc1 Nb4 13. 0-0 0-0 14. a3 Nbc6 15. Nh2 Bd7 16. Ndf3 Rc8 17. Bxh6 Nxd4 18. Nxd4 Bxd4 19. Rd1 Bg7 20. Qe3 Kh7 21. Bxg7 Kxg7 22. e5 Nf5 23. Qc3 f6 24. e6 Be8 25. Nf3 Rh8 26. e7 Qxe7 27. Re1 Qf8 28. Ng5 Bd7 29. Be6 Qd8 30. Nf7 Qe7 31. Bxd7 Qxd7 32. Nxh8 Rxh8 33. g3 c5 34. Re4 Nd4 35. Rae1 Qf5 36. Re7+ Kh6 37. Qc1+ g5 38. Rf7 Nf3+ 39. Kf1 Nxe1 40. Qxe1 Kg6 41. Qe7 Kh5 42. Kg2 Kg4 43. Qe2+ 1-0

[Event "Titled Tuesday intern op 17th Aug"]
[Site "Chess.com INT"]
[Date "2021.08.17"]
[Round "6"]
[White "Molina, Roberto Junio Brito"]
[Black "Fernandez Hernandez, Arturo Augusto"]
[Result "1/2-1/2"]
[WhiteElo "2434"]
[BlackElo "2369"]
[PlyCount "94"]
[EventDate "2021.08.17"]
[EventType "swiss (blitz)"]
[EventRounds "11"]
[EventCountry "USA"]
[SourceTitle "EXT 2022"]
[Source "ChessBase"]
[SourceDate "2021.10.06"]
[SourceVersion "1"]
[SourceVersionDate "2021.10.06"]
[SourceQuality "1"]

1. d4 Nf6 2. c4 c5 3. d5 e6 4. Nc3 exd5 5. cxd5 d6 6. e4 g6 7. h3 Bg7 8. Nf3 0-0 9. Bd3 b5 10. Bxb5 Nxe4 11. Nxe4 Qa5+ 12. Nfd2 Qxb5 13. Nxd6 Qa6 14. N2c4 Nd7 15. 0-0 Ne5 16. Nxc8 Raxc8 17. Nxe5 Bxe5 18. Re1 Qf6 19. Rb1 Rfd8 20. b3 Bd4 21. Be3 Rxd5 22. Bxd4 cxd4 23. Rc1 Rxc1 24. Qxc1 d3 25. Rd1 a5 26. Qc4 Qd6 27. Rd2 h5 28. g3 Kh7 29. h4 Kg7 30. Qc3+ Kg8 31. Qc8+ Kh7 32. Qc4 Qd7 33. Qe4 Rd4 34. Qe3 Qd5 35. f3 Qd6 36. Kf2 Kg7 37. Qg5 Rd5 38. Qe3 Qd7 39. Qe4 Qd6 40. Qe3 Kh7 41. Kg2 Qd7 42. Qe4 Rd4 43. Qe3 Qd6 44. Kf2 Rd5 45. Kg2 Qd7 46. Qe4 Rd4 47. Qe3 Rd5 1/2-1/2

[Event "Titled Tuesday intern op 03rd Aug"]
[Site "Chess.com INT"]
[Date "2021.08.03"]
[Round "6"]
[White "Bazarov, Konstantin"]
[Black "Fernandez Hernandez, Arturo Augusto"]
[Result "0-1"]
[WhiteElo "2226"]
[BlackElo "2369"]
[PlyCount "82"]
[EventDate "2021.08.03"]
[EventType "swiss (blitz)"]
[EventRounds "11"]
[EventCountry "USA"]
[SourceTitle "CBM 203 Extra"]
[Source "ChessBase"]
[SourceDate "2021.09.30"]
[SourceVersion "1"]
[SourceVersionDate "2021.09.30"]
[SourceQuality "1"]

1. d4 Nf6 2. c4 e6 3. Nc3 d5 4. Bg5 Be7 5. e3 0-0 6. Nf3 c6 7. Qc2 Nbd7 8. cxd5 Nxd5 9. Bxe7 Qxe7 10. Be2 Nxc3 11. Qxc3 c5 12. dxc5 Nxc5 13. b4 Na4 14. Qb3 Nb6 15. 0-0 e5 16. Qb2 f6 17. a4 Be6 18. a5 Nd5 19. b5 Rac8 20. Rfd1 Nc3 21. Rdc1 Nxe2+ 22. Qxe2 Qb4 23. a6 b6 24. Rcb1 Qc3 25. Nd2 Rfd8 26. Ne4 Qc2 27. Qxc2 Rxc2 28. Rd1 Rxd1+ 29. Rxd1 Kf7 30. f3 Ke7 31. Nd6 Rc5 32. e4 Bd7 33. Kf2 g6 34. Ke3 Bxb5 35. g3 Bxa6 36. f4 Rc3+ 37. Kf2 Rc6 38. fxe5 fxe5 39. Ke3 Rxd6 40. Rb1 Bb7 41. Ra1 a5 0-1

[Event "Titled Tuesday intern op 03rd Aug"]
[Site "Chess.com INT"]
[Date "2021.08.03"]
[Round "3"]
[White "Fernandez Hernandez, Arturo Augusto"]
[Black "Karavaeva, Olga"]
[Result "1-0"]
[WhiteElo "2369"]
[BlackElo "2260"]
[PlyCount "91"]
[EventDate "2021.08.03"]
[EventType "swiss (blitz)"]
[EventRounds "11"]
[EventCountry "USA"]
[SourceTitle "CBM 203 Extra"]
[Source "ChessBase"]
[SourceDate "2021.09.30"]
[SourceVersion "1"]
[SourceVersionDate "2021.09.30"]
[SourceQuality "1"]

1. e4 c5 2. Nc3 e6 3. Nge2 Nc6 4. g3 g6 5. Bg2 Bg7 6. 0-0 Nge7 7. d3 0-0 8. Be3 b6 9. Qd2 Re8 10. Bh6 Bh8 11. f4 f5 12. e5 Bb7 13. d4 c4 14. d5 Na5 15. d6 Nec6 16. Nb5 Qc8 17. Nc7 Bg7 18. Bxg7 Kxg7 19. b4 cxb3 20. axb3 Rb8 21. Nxe8+ Qxe8 22. Rfb1 a6 23. c4 g5 24. Qc3 Na7 25. Bxb7 Nxb7 26. Rxa6 Nc8 27. fxg5 Nc5 28. Ra2 Ne4 29. Qe3 Qh5 30. h4 b5 31. c5 b4 32. Kh2 Rb7 33. Rba1 Rb5 34. Rc1 Rb8 35. Nf4 Qg4 36. Rg2 Rb5 37. c6 dxc6 38. Nxe6+ Kf7 39. Nd8+ Ke8 40. Nxc6 Rd5 41. Nxb4 Rb5 42. Rxc8+ Kd7 43. Rc7+ Kd8 44. Nc6+ Ke8 45. Qa7 Nxg5 46. Qa8+ 1-0

[Event "Leon Blitz op 34th"]
[Site "Chess.com INT"]
[Date "2021.07.07"]
[Round "2"]
[White "Krishnakumar, Sriram"]
[Black "Fernandez Hernandez, Arturo Augusto"]
[Result "0-1"]
[WhiteElo "2035"]
[BlackElo "2340"]
[PlyCount "140"]
[EventDate "2021.07.07"]
[EventType "swiss (blitz)"]
[EventRounds "14"]
[EventCountry "ESP"]
[SourceTitle "CBM 203 Extra"]
[Source "ChessBase"]
[SourceDate "2021.09.30"]
[SourceVersion "1"]
[SourceVersionDate "2021.09.30"]
[SourceQuality "1"]

1. e4 c5 2. Nf3 e6 3. d4 cxd4 4. Nxd4 Nc6 5. Nc3 Qc7 6. Be3 a6 7. Qf3 Nf6 8. 0-0-0 Ne5 9. Qg3 b5 10. f4 Neg4 11. Bg1 b4 12. Na4 h5 13. Bd3 d5 14. e5 Nd7 15. h3 Nh6 16. b3 Nc5 17. Nxc5 h4 18. Qg5 Qxc5 19. Nxe6 Qe7 20. Nxg7+ Kd7 21. Bf5+ Kc6 22. Bxc8 Qxg5 23. fxg5 Bxg7 24. gxh6 Bxh6+ 25. Kb2 Raxc8 26. Bd4 Rhg8 27. Rhf1 Rxg2 28. Rf6+ Kb5 29. Rxh6 Rcxc2+ 30. Kb1 Rxa2 31. Rb6+ Ka5 32. Rd6 Kb5 33. Ba1 Rad2 34. Rxd5+ Rxd5 35. Rxd5+ Kc6 36. Rd6+ Kb5 37. Rh6 Rg3 38. Rxh4 Rxb3+ 39. Kc2 Rf3 40. Rh5 Kc4 41. Rh4+ Kb5 42. Bd4 a5 43. Rh6 Kc4 44. Bb6 a4 45. Rh4+ Kb5 46. Bg1 Rg3 47. Ba7 Rg2+ 48. Kd3 Rg3+ 49. Be3 a3 50. Rh5 Ka4 51. Rh8 Kb3 52. Ra8 Rxh3 53. Kd2 Kc4 54. Rc8+ Kd5 55. Rb8 a2 56. Ra8 b3 57. Ra5+ Ke4 58. Ra4+ Kxe5 59. Bd4+ Kd5 60. Bb2 f5 61. Rf4 Ke6 62. Rf1 Rg3 63. Re1+ Kf7 64. Re5 Kg6 65. Re6+ Kg5 66. Re1 Rf3 67. Rg1+ Kf4 68. Ke2 Rh3 69. Bc1+ Ke4 70. Bd2 Rh2+ 0-1

[Event "Mexico City Fenamac-B"]
[Site "Mexico City"]
[Date "2021.07.03"]
[Round "7"]
[White "Fernandez Hernandez, Arturo Augusto"]
[Black "Frey Beckman, Kenneth"]
[Result "1-0"]
[WhiteElo "2340"]
[BlackElo "2269"]
[PlyCount "69"]
[EventDate "2021.06.30"]
[EventType "tourn"]
[EventRounds "9"]
[EventCountry "MEX"]
[EventCategory "2"]
[SourceTitle "EXT 2022"]
[Source "ChessBase"]
[SourceDate "2021.10.06"]
[SourceVersion "1"]
[SourceVersionDate "2021.10.06"]
[SourceQuality "1"]

1. e4 e5 2. Nf3 Nc6 3. d4 exd4 4. Nxd4 Qf6 5. Nb5 Bc5 6. Qe2 Bb6 7. N1c3 Nge7 8. Be3 Ba5 9. 0-0-0 a6 10. Nd5 Nxd5 11. exd5 axb5 12. Bg5+ Qe5 13. dxc6 Qxe2 14. cxd7+ Bxd7 15. Bxe2 f6 16. Be3 0-0-0 17. Bf3 Be6 18. a3 c6 19. h4 Rxd1+ 20. Rxd1 Rd8 21. Bd4 Bd5 22. Bg4+ Kb8 23. g3 b4 24. axb4 Bxb4 25. c4 Bxc4 26. Be5+ fxe5 27. Rxd8+ Ka7 28. Bc8 b5 29. Bf5 Be1 30. Rd7+ Kb6 31. Bxh7 Bxf2 32. Rxg7 Bd5 33. h5 b4 34. Kd2 Bd4 35. Rg4 1-0